| 000 | 00480nam a22002057a 4500 | ||
|---|---|---|---|
| 001 | 21570 | ||
| 005 | 20260317170601.0 | ||
| 008 | 260317b |||||||| |||| 00| 0 spa d | ||
| 041 | _aESP | ||
| 082 |
_a345.7C4 _bZ47 T. 1 |
||
| 100 | _aZavaleta Carruitero, Wilvelder | ||
| 245 | _aCódigo procesal civil | ||
| 260 |
_a : _b , _c2007 |
||
| 300 |
_a000 páginas : _b ; _c24 cm. |
||
| 440 | _a ; | ||
| 650 | _aDER | ||
| 654 | _aCDE | ||
| 700 | _a; | ||
| 942 |
_cLIB _dJUS _fJUS _2ddc |
||
| 999 |
_c21570 _d21570 |
||